| 000 | 00543nam a2200193 a 4500 | ||
|---|---|---|---|
| 005 | 20210223123326.0 | ||
| 008 | 991125s1969 ag 000 0 spa u | ||
| 035 | _aUPN01000051524 | ||
| 049 | _aCG | ||
| 050 | 4 |
_aHF5353 _bB4.78 1969 |
|
| 100 | 1 | _aBernays, Edward L. | |
| 245 | 1 | 0 |
_aRelaciones públicas / _cEdward L. Bernays ; tr. Emilio M. Sierra. |
| 250 | _a2a ed. | ||
| 260 |
_aBuenos Aires : _bTroquel, _c1969. |
||
| 300 | _a492 p. | ||
| 440 | 0 | _aBiblioteca el tema del hombre | |
| 650 | 4 |
_aRELACIONES PUBLICAS _96171 |
|
| 905 | _aLibro | ||
| 999 |
_c51524 _d51524 |
||